=LDR 00000nam 2200000 4500 =001 INLIS000000000025421 =005 20130612123930 =008 ***********************************Ind** =035 ##$$0010-061300000025421 =041 ##$$a Ind =082 ##$$a 641.86 =090 ##$$a 641.86, Ben a =100 ##$$a Benedicta I =245 ##$$a Aneka jajanan pasar, Benedicta I =260 ##$$a 2006 $b Jakarta =300 ##$$a 46 hlm, ilus, 21 cm =650 ##$$a Kue Jajanan pasar =850 ##$$a NBPNMAT